Sehenswürdigkeiten Dubai - Statistiken

Allgemein
  • Dieses Quiz wurde 100 mal gespielt
  • Das Durchschnittsergebnis liegt bei 4 aus 10
Antwortstatistiken
Bildquiz Antwort % Korrekt
Burj Khalifa
97%
Burj Al Arab
74%
Atlantis
58%
The Frame
43%
Dubai Mall
36%
Dubai Fountain
30%
Palm Jumeirah
30%
Ski Dubai
18%
Emirates Towers
10%
Ain Dubai
5%
Keine übereinstimmenden Quizze gefunden
Verteilung der Resultate
Anzahl Personen mit jedem Resultat
Perzentil nach korrekt beantworteten Fragen
Ihre Resultats-Entwicklung
Sie haben dieses Quiz noch nicht gespielt